000
00319nam a22001337a 4500
020
_a
0-408-00432-0
082
_a
621.3 ELE'L
100
_a
SAY, M.G , LAUGHTON, M.A
_9
79243
245
_a
ELECTRICAL ENGINEERING REFERENCE BOOK
250
_a
40TH
260
_a
LONDON
_b
BUTTERWORTH
_c
1985
300
_a
V.P
942
_c
BK
999
_c
584295
_d
584295